[Event "Challenge"]
[Site "http://www.queenalice.com/game.php?id=1866349"]
[Date "2025.11.29"]
[Round "-"]
[White "Capixaba789"]
[Black "caradepau"]
[Result "1-0"]
[WhiteElo "1963"]
[BlackElo "1694"]

1. d4 d5 2. Nc3 Nf6 3. Nf3 h6 4. e3 c6 5. Bd3 a6 6. O-O Bg4 7. Qe1 Bxf3 8. gxf3
Qd7 9. Kh1 Qh3 10. Be2 e6 11. Rg1 Bd6 12. f4 g5 13. Bf1 Qf5 14. Ne2 Qxc2 15. a4
Nbd7 16. fxg5 hxg5 17. Ng3 Ng4 18. Rg2 Bxg3 19. fxg3 Qb3 20. Qc3 Qxc3 21. bxc3
O-O-O 22. Ba3 Nxe3 23. Rga2 Nxf1 24. Rxf1 f5 25. Re2 Rh6 26. Rfe1 Rdh8 27. Be7
Rh3 28. Bxg5 Rxg3 29. Bd2 Nf6 30. Rxe6 Ng4 31. Re8+ Rxe8 32. Rxe8+ Kc7 33. hxg3
b5 34. a5 Nf2+ 35. Kg2 Ng4 36. Bf4+ Kd7 37. Ra8 Nf6 38. Rxa6 Ne4 39. Rb6 Nxc3
40. Rb7+ Ke6 41. a6 Ne2 42. Kf2 Nxd4 43. a7 b4 44. a8=Q b3 45. Qe8+ Kf6 46. Rf7+
Kg6 47. Qg8+ Kh5 48. Rh7# 1-0